000 01113nam0a22002531 4500
001 rc\319602
005 20250621034138.0
010 _a5-7763-0275-7
_91000
035 _a(NLR Aleph) 005554219
090 _a5842950
_c5842950
100 _a20030307d1990 |||y0rusy50 ca
101 0 _arus
102 _aRU
105 _aa |||||||||
200 1 _aИнженерная геология и гидрогеология в примерах и заданиях
_e[Учеб. пособие для строит. спец.]
_fМ.И. Чугай, А.В. Чебанов, В.П. Стеценко, Д. Чебалова
_gМ-во высш. и сред. спец. образования УССР, Учеб.-метод. каб. по высш. образованию, Харьк. инж.-строит. ин-т
210 _aКиев
_cУМКВО
_d1990
215 _a298, [1] с.
_cил.
_d20
320 _aБиблиогр.: с. 273-274 (27 назв.)
701 1 _aЧугай
_bМ.И.
_gМихаил Иванович
801 0 _aRU
_bNLR
_gpsbo
801 1 _aRU
_bELAR
_2rusmarc
852 _aNLR
_j91-3/1351
942 _cBOOK
980 _aNB